| 000 | 01123nam a2200277 a 4500 | ||
|---|---|---|---|
| 005 | 20250411063833.0 | ||
| 008 | 070829s20042011es r 000 0 spa d | ||
| 020 | _a8478273239 (10 dígitos) | ||
| 020 | _a9788478273232 (13 dígitos) | ||
| 020 | _a9789688672181 (colofón) | ||
| 035 | _aUPN01000151612 | ||
| 049 | _aCG | ||
| 050 | 4 |
_aLB41 _bP4.2 |
|
| 100 | 1 |
_aPerrenoud, Philippe, _d1944- _930781 |
|
| 245 | 1 | 0 |
_aDesarrollar la práctica reflexiva en el oficio de enseñar : _bprofesionalización y razón pedagógica / _cPhilippe Perrenoud ; tr. Núria Riambau. |
| 260 |
_aBarcelona, Esp. : _bGraó, _c2004. (2011, impr.) |
||
| 300 | _a224 p. | ||
| 440 | 0 |
_aCrítica y fundamentos. _pFormación del profesorado ; _v1 |
|
| 500 | _aPublicado posteriormente: México : Colofón, 2007. (Crítica y fundamentos). ISBN 9789688672181 | ||
| 534 |
_pTítulo original: _tDévelopper la pratique réflexive dans le métier d'enseignant |
||
| 650 | 4 |
_aEducación _xFines y objetivos _94837 |
|
| 650 | 4 |
_aPrácticas de la enseñanza _92849 |
|
| 650 | 4 |
_aFormación profesional _99108 |
|
| 905 | _aLibro | ||
| 999 |
_c123748 _d123748 |
||